000 01279nam a2200229Ia 4500
003 Ost
005 20260507075517.0
008 260507s9999||||xx |||||||||||||| ||und||
020 _a9789957117962
040 _cfsecg
041 _aara
082 _a519.53
100 _aالبلداوي،عبد الحميد عبد المجيد
_eمؤلف
245 0 _aأساليب الإحصاء للعلوم الاقتصادية وإدارة الأعمال مع استخدام برنامج SPSS /
_cعبد الحميد عبد المجيد البلداوي
260 _aعمان:
_bدار وائل للنشر والتوزيع,
_c2009
300 _a442 صفحة؛
_bإيضاحات ؛
_c24 سم
504 _aالملاحق:ص ص.423-435 ببليوغرافيا:ص ص.437-439
520 _aعلم الاحصاء وبرنامج SPSS،أساليب تبويب المعطيات والعرض البياني،النزعة المكركزية والتشتت،الاحتمالات،اختبار الفروض وتحليل التباين،تحليل الارتباط،تحليل الانحدار،تحليل السلاسل الزمنية،الأرقام القياسية،استخدام برنامج SPSS
653 _aاقتصاد
653 _aالاحصاء الوصفي
942 _cكتاب
999 _c44760
_d44760